000 00661nam a2200217 i 4500
001 bg
100 1 _aKIELOCH, Marian
245 1 0 _aTechnologia i zasady obliczeń nagrzewania wsadu :
_bskrypt /
_cMarian Kieloch ; Politechnika Częstochowska.
260 _aCzęstochowa :
_bWydaw. PC,
_c1995.
300 _a253, [1] s. :
_brys., wykr. ;
_c24 cm.
504 _aBibliogr. s. 253-[254].
650 9 _aMetalurgia
_xzagadnienia
650 9 _aNagrzewanie
_xteoria
650 9 _aPiec grzewczy
655 _aPodręczniki akademickie
040 _cBPK
041 0 _apol
080 _a669:621.78](075.8)
942 _cKS
008 s pl f |000 0 pol
999 _c7010
_d7010
856 _uhttp://koha.tu.koszalin.pl/cgi-bin/koha/opac-detail.pl?biblionumber=7010
_yKatalog online BPK